000 00658nam a22002172 4500
001 0000000934
005 20151217151801.0
008 070222s xx 000 0 eng d
020 _a0768420164 :
_cKES 1,010
040 _aKABU
_cKABU
050 0 _aBT98
_b.T46 1998
100 1 _aTenney, Tommy.
_@0000149378
245 1 4 _aThe God chasers :
_bmy soul follows hard after thee /
_cTommy Tenney.
260 _aShippensburg, PA. :
_bDestiny Image,
_cc1998.
300 _a152 p. ;
_c23 cm.
650 0 _aGod
_xKnowableness.
_@0000149379
650 0 _aSpirituality.
_@0000149380
908 _a070222
950 _@1
999 _c4985
_d4985